| 000 | 01037na a2200289 4500 | ||
|---|---|---|---|
| 001 | 14284 | ||
| 003 | MIRAKIL | ||
| 005 | 20181213155203.0 | ||
| 008 | 161019b tu 000 0 | ||
| 035 | _a14284 | ||
| 040 |
_aMilas _btur _cTR-AnCHP |
||
| 082 |
_aATA 915 _bG29 1982 |
||
| 090 | _aATA 915 G29 1982 | ||
| 245 |
_aGazi Mustafa Kemal Atatürk'ün 1923 Eskişehir-İzmit konuşmaları _cyayına hazırlayan Arı İnan |
||
| 260 |
_aAnkara _bTürk Tarih Kurumu _c1982 |
||
| 300 |
_a141 s. _c23 sm. |
||
| 490 |
_aTürk Dil Kurumu yayınları _vXVI |
||
| 490 |
_aSayı _v44 |
||
| 504 | _aDizin var. | ||
| 600 |
_aAtatürk, Mustafa Kemal _d1881-1938 _xSiyasal ve sosyal görüşler _zEskişehir (Türkiye) |
||
| 600 |
_aAtatürk, Mustafa Kemal _d1881-1938 _xSiyasal ve sosyal görüşler _zİzmit |
||
| 600 |
_aAtatürk, Mustafa Kemal _d1881-1938 _xSiyasal ve sosyal görüşler _zİstanbul |
||
| 651 |
_aTürkiye _xSiyaset ve yönetim _y1919-1923 |
||
| 651 |
_aTürkiye _xSiyasal tarih |
||
| 700 | _aİnan, Arı | ||
| 942 |
_2dcc _cBKS |
||
| 999 |
_c8189 _d8189 |
||